[Event "SV Bochum-Linden 1 - SW Oberhausen 1"]
[Site "Stichkampf Verbandsklasse 201"]
[Date "2018.06.24"]
[Round "3.1"]
[White "Puetter, Pascal"]
[Black "Hahn, Matthias"]
[Result "1/2-1/2"]
[WhiteElo "1975"]
[BlackElo "2069"]
[PlyCount "40"]
[EventDate "2018.??.??"]

1. d4 d5 2. c4 e6 3. Nf3 Nf6 4. g3 Be7 5. Bg2 O-O 6. O-O dxc4 7. Qc2 b6 8. Ne5
Qxd4 9. Bxa8 Qxe5 10. Bf3 Nd5 11. Qxc4 Ba6 12. Qc2 Bf6 13. a3 c5 14. Rd1 Nc6
15. e3 c4 16. Nd2 b5 17. Ne4 Be7 18. Bd2 Qf5 19. Bg2 Ne5 20. f4 Ng4 1/2-1/2

[Event "SV Bochum-Linden 1 - SW Oberhausen 1"]
[Site "Stichkampf Verbandsklasse 201"]
[Date "2018.06.24"]
[Round "3.2"]
[White "Boehm, Ingo"]
[Black "Hortolani, Sven-Holger"]
[Result "1/2-1/2"]
[WhiteElo "2034"]
[BlackElo "2057"]
[Annotator "Daniel"]
[PlyCount "122"]
[EventDate "2018.??.??"]

1. e4 e5 2. Nf3 Nc6 3. Bb5 a6 4. Ba4 d6 5. O-O Bd7 6. c3 g6 7. d4 Bg7 8. Re1
Nge7 9. dxe5 dxe5 10. Nbd2 O-O 11. Nf1 h6 12. Be3 Be6 13. Bc5 Qxd1 14. Raxd1
Rfd8 15. Bc2 f6 16. b3 Kf7 17. Ne3 Rxd1 18. Rxd1 Rd8 19. Rxd8 Nxd8 20. Kf1 $11
Ndc6 21. Ke2 f5 22. Bd3 f4 23. Nc4 g5 24. h3 Bf6 25. Ncd2 h5 26. Bc4 Ng6 27. a4
Bxc4+ 28. Nxc4 Ke6 29. Ncd2 Nd8 30. Kd3 Nf7 31. Ke2 Nh6 32. Kd3 Bd8 33. Ke2 g4
34. hxg4 hxg4 35. Ne1 Nf7 36. f3 Kf6 37. Bf2 gxf3+ 38. Nexf3 Ke6 39. Kd3 Nh6
40. Nf1 Ng4 41. Be1 c6 42. g3 Bb6 43. Ke2 Kf6 44. N3d2 Ke6 45. Nc4 Bc7 46. Kf3
Nh6 47. Bf2 b5 48. Nb2 Ng8 49. Nd2 Bd6 50. Nd3 fxg3 51. Bxg3 Nf6 52. Bf2 Nd7
53. Ke2 c5 54. Nb2 Be7 55. Kd3 Kd6 56. axb5 axb5 57. Nd1 Bg5 58. Ne3 Bxe3 59.
Bxe3 Ngf8 60. Nf3 Ne6 61. Ng5 Nd8 1/2-1/2

[Event "SV Bochum-Linden 1 - SW Oberhausen 1"]
[Site "Stichkampf Verbandsklasse 201"]
[Date "2018.06.24"]
[Round "3.3"]
[White "Schwerdtfeger, Joachim"]
[Black "Schreck, Roland"]
[Result "1/2-1/2"]
[WhiteElo "1893"]
[BlackElo "2123"]
[PlyCount "154"]
[EventDate "2018.??.??"]

1. e4 g6 2. d4 Bg7 3. Nf3 d6 4. Nc3 a6 5. a4 Nd7 6. Be3 b6 7. Bc4 e6 8. O-O Bb7
9. Qe2 h6 10. Rad1 Ne7 11. Qd2 Nf6 12. d5 e5 13. h3 g5 14. Be2 Ng6 15. Nh2 Nf4
16. Bxf4 gxf4 17. Kh1 Bc8 18. Rde1 Nh7 19. Bg4 Bxg4 20. Nxg4 h5 21. Nh2 Qd7 22.
Qe2 Nf8 23. Nf3 Bf6 24. Qd3 Ng6 25. b3 Ke7 26. Kh2 Bg7 27. Rg1 Bh6 28. Rgf1 Kd8
29. Rg1 Ne7 30. Rd1 Ng6 31. Rge1 Rf8 32. Kh1 f5 33. exf5 Qxf5 34. Qxf5 Rxf5 35.
Ne4 Kd7 36. Kg1 Rg8 37. Kf1 Kc8 38. Rd3 Ne7 39. Re2 Rf7 40. c4 Nf5 41. Ned2
Rfg7 42. Ne1 Nh4 43. f3 Nf5 44. Ne4 Bg5 45. Nc2 Be7 46. Red2 Nh4 47. Ne1 Kb7
48. Re2 Rg6 49. Red2 Nf5 50. Nc2 Rf8 51. Rd1 Bg5 52. Re1 Bh4 53. Red1 Rfg8 54.
R1d2 Ra8 55. Rd1 a5 56. R1d2 Bg3 57. Rd1 Rag8 58. R1d2 Kc8 59. Re2 Kd7 60. Red2
Ke7 61. Re2 Kf7 62. Red2 R6g7 63. Re2 Kg6 64. Red2 Bh4 65. Re2 Be7 66. Red2 Nh4
67. Ne1 Kf5 68. Re2 Bf6 69. Nc3 Bd8 70. Ne4 Ng6 71. Nc2 Nf8 72. Ne1 Nd7 73. Nc2
Bh4 74. Rdd2 Rb8 75. Na3 Nc5 76. Nxc5 bxc5 77. Nb5 Ra8 1/2-1/2

[Event "SV Bochum-Linden 1 - SW Oberhausen 1"]
[Site "Stichkampf Verbandsklasse 201"]
[Date "2018.06.24"]
[Round "3.4"]
[White "Schmidt, Ralph"]
[Black "Kuckelkorn, Joerg"]
[Result "1-0"]
[WhiteElo "1886"]
[BlackElo "1873"]
[PlyCount "57"]
[EventDate "2018.??.??"]

1. e4 c5 2. Nc3 e6 3. d3 d5 4. exd5 exd5 5. Be2 Nf6 6. Bf3 d4 7. Ne4 Nxe4 8.
Bxe4 Nd7 9. Qe2 Be7 10. Bg5 h6 11. Bh4 O-O 12. Bxe7 Qa5+ 13. Qd2 Qxd2+ 14. Kxd2
Re8 15. Bh4 c4 16. Re1 Ne5 17. f4 c3+ 18. bxc3 dxc3+ 19. Kxc3 g5 20. fxg5 hxg5
21. Bg3 Kg7 22. Bd5 f6 23. Bxe5 fxe5 24. Nf3 Bd7 25. Rxe5 Rac8+ 26. Kd2 Ba4 27.
Bb3 Bc6 28. Rxe8 Rxe8 29. Re1 1-0

[Event "SV Bochum-Linden 1 - SW Oberhausen 1"]
[Site "Stichkampf Verbandsklasse 201"]
[Date "2018.06.24"]
[Round "3.5"]
[White "Boecker, Juergen"]
[Black "Lindner-Emden, Carsten"]
[Result "1-0"]
[WhiteElo "1764"]
[BlackElo "1943"]
[PlyCount "119"]
[EventDate "2018.??.??"]

1. e4 c5 2. Nc3 Nc6 3. f4 a6 4. Nf3 d6 5. d3 e6 6. g3 g6 7. Bg2 Bg7 8. O-O Nge7
9. Ne2 Rb8 10. c3 b5 11. h3 O-O 12. g4 f5 13. Ng3 b4 14. Bd2 a5 15. exf5 gxf5
16. Qe2 bxc3 17. Bxc3 Bxc3 18. bxc3 Nd5 19. Ng5 Nxc3 20. Qe1 Nd4 21. Qxc3 fxg4
22. hxg4 h6 23. Nf3 Rxf4 24. Nxd4 cxd4 25. Qd2 Rxg4 26. Ne4 Rg6 27. Qf2 Qe7 28.
Nxd6 Ba6 29. Rad1 Kh8 30. Qxd4+ e5 31. Qxe5+ Qxe5 32. Nf7+ Kg7 33. Nxe5 Rg5 34.
Nc4 Rb4 35. Rc1 Rc5 36. Rf4 Kg6 37. Kf2 Bxc4 38. Rfxc4 Rb2+ 39. Kg1 Re5 40.
Be4+ Kg5 41. R1c2 Rb1+ 42. Kf2 h5 43. Rc5 Rxc5 44. Rxc5+ Kf4 45. Rf5+ Kg4 46.
Rxa5 h4 47. Ke3 Rf1 48. Ra8 Re1+ 49. Kd4 h3 50. Rg8+ Kf4 51. Rh8 Kg3 52. Kc4
Re2 53. a4 h2 54. a5 Kf4 55. Kc5 Rc2+ 56. Kb6 Ke5 57. Rh5+ Kd6 58. a6 Rb2+ 59.
Rb5 Re2 60. Bc6 1-0

[Event "SV Bochum-Linden 1 - SW Oberhausen 1"]
[Site "Stichkampf Verbandsklasse 201"]
[Date "2018.06.24"]
[Round "3.6"]
[White "Hochstein, Udo"]
[Black "Matthies, Jochen"]
[Result "1/2-1/2"]
[WhiteElo "1896"]
[BlackElo "1776"]
[PlyCount "56"]
[EventDate "2018.??.??"]

1. d4 d5 2. c4 c6 3. Nf3 Nf6 4. Nc3 dxc4 5. a4 Bf5 6. e3 e6 7. Bxc4 Nbd7 8. O-O
Be7 9. Qe2 Ne4 10. Nxe4 Bxe4 11. Rd1 O-O 12. Ne1 Qc7 13. f3 Bg6 14. e4 Rfe8 15.
Be3 Rac8 16. Rac1 h6 17. Nd3 a5 18. Qf2 Kh8 19. g4 Bd6 20. Kh1 Qb8 21. Bb3 e5
22. dxe5 Nxe5 23. Nxe5 Bxe5 24. Bb6 Bc7 25. Ba7 Qa8 26. Rd7 Bf4 27. Rcd1 f6 28.
Qb6 Bc7 1/2-1/2

[Event "SV Bochum-Linden 1 - SW Oberhausen 1"]
[Site "Stichkampf Verbandsklasse 201"]
[Date "2018.06.24"]
[Round "3.7"]
[White "Hibbeln, Christian"]
[Black "Pappert, Thomas"]
[Result "0-1"]
[WhiteElo "1744"]
[BlackElo "1782"]
[PlyCount "98"]
[EventDate "2018.??.??"]

1. d4 d5 2. Bg5 g6 3. Nc3 Bg7 4. f3 f6 5. Bh4 Nh6 6. e4 dxe4 7. fxe4 O-O 8.
Bc4+ Kh8 9. Nf3 Bg4 10. O-O c6 11. Ne2 b5 12. Bb3 a5 13. c3 Na6 14. h3 Bc8 15.
Bf2 Nc7 16. Qd2 a4 17. Be3 Nf7 18. Bc2 Be6 19. Nh4 Nd6 20. e5 Nc4 21. Qd3 Nxe3
22. Qxe3 Nd5 23. Qg3 f5 24. Nf4 Nxf4 25. Rxf4 Qe8 26. Nf3 Bh6 27. Rh4 f4 28.
Qe1 Kg7 29. g4 fxg3 30. Qxg3 Be3+ 31. Kh2 Bf5 32. Bxf5 Rxf5 33. Re1 Bh6 34. Rf1
Qd7 35. Kg2 Raf8 36. Nh2 Qd5+ 37. Kg1 Qxa2 38. Rxf5 Rxf5 39. Rxh6 Qb1+ 40. Kg2
Qxb2+ 41. Kg1 Qc1+ 42. Kg2 Qxh6 43. Ng4 Qd2+ 44. Kg1 Qe2 45. Qg2 Qf3 46. e6
Qxg2+ 47. Kxg2 Rg5 48. Kf3 Rxg4 49. hxg4 a3 0-1

[Event "SV Bochum-Linden 1 - SW Oberhausen 1"]
[Site "Stichkampf Verbandsklasse 201"]
[Date "2018.06.24"]
[Round "3.8"]
[White "Skara, Milenko"]
[Black "Abramowski, Joerg"]
[Result "0-1"]
[WhiteElo "1725"]
[BlackElo "1946"]
[PlyCount "54"]
[EventDate "2018.??.??"]

1. e4 c5 2. Nf3 e6 3. d4 cxd4 4. Nxd4 Nf6 5. Nc3 Nc6 6. Be3 Bb4 7. Bd3 d5 8.
Nxc6 bxc6 9. exd5 cxd5 10. O-O O-O 11. Ne2 e5 12. c3 Bd6 13. Ng3 a5 14. f3 Qc7
15. Qd2 Rb8 16. Nf5 Bc5 17. Qf2 Bxf5 18. Bxf5 Bxe3 19. Qxe3 Rxb2 20. Rfe1 Re8
21. Reb1 Reb8 22. Re1 g6 23. h4 Qb6 24. Bh3 e4 25. Kh2 Qxe3 26. Rxe3 Rc2 27.
fxe4 Nxe4 0-1